The Little toy engine and other stories

Bibliographic Details
Main Author: Blyton, Enid
Other Authors: Hamilton, Dorothy
Format: Book
Published: London : Award Publications , 2002
Subjects:

MARC

LEADER 00000cam a2200000 7i4500
001 0000009027
002 000009837
005 20031201.0
020 |a 0861634101 
090 0 0 |a JF   |b BLY 
100 1 |a Blyton, Enid 
245 1 4 |a The Little toy engine and other stories   |c Enid Blyton ; illustrated by Dorothy Hamilton 
260 |a London :   |b Award Publications ,   |c 2002 
300 |a 192p. :   |b ill. ;   |c 19cm. 
650 0 0 |a Children's stories 
700 1 |a Hamilton, Dorothy 
999 |a 00074767   |b BUKU   |c PINJAMAN   |e PERPUSTAKAAN KOMUNITI PETALING JAYA 
999 |a 00160057   |b BUKU   |c PINJAMAN   |e PERPUSTAKAAN KOMUNITI PETALING JAYA 
999 |a 00160059   |b BUKU   |c PINJAMAN   |e PERPUSTAKAAN KOMUNITI PETALING JAYA 
999 |a 041325   |b BUKU   |c PINJAMAN   |e PERPUSTAKAAN KOMUNITI PETALING JAYA 
999 |a 041327   |b BUKU   |c PINJAMAN   |e PERPUSTAKAAN KOMUNITI PETALING JAYA 
999 |a 045144   |b BUKU   |c PINJAMAN   |e PERPUSTAKAAN KOMUNITI PETALING JAYA 
999 |a 045145   |b BUKU   |c PINJAMAN   |e PERPUSTAKAAN KOMUNITI CAW KOTA DAMANSARA